O čom sa pri téme financovanie miestnej samosprávy nehovorí

Médiami čoraz častejšie zaznievajú vyjadrenia predstaviteľov miestnej samosprávy a ich stavovských organizácií samosprávy o jej nedostatočnom financovaní a potrebe zmeny spôsobu jej financovania. Poukázanie na niekoľko faktov, ktoré by mali v diskusii o zmene financovania samosprávy zaznieť pred tým...

ver descrição completa

Na minha lista:
Detalhes bibliográficos
Autor principal: Černěnko, Tomáš, 1981-
Formato: Capítulo de Livro
Idioma:eslovaco
Assuntos:
Tags: Adicionar Tag
Sem tags, seja o primeiro a adicionar uma tag!

MARC

LEADER 00000naa a2200000 4500
001 0298094
005 20240502074520.9
041 0 |a slo 
044 |a SK 
245 1 0 |a O čom sa pri téme financovanie miestnej samosprávy nehovorí  |c Tomáš Černěnko 
520 |a Médiami čoraz častejšie zaznievajú vyjadrenia predstaviteľov miestnej samosprávy a ich stavovských organizácií samosprávy o jej nedostatočnom financovaní a potrebe zmeny spôsobu jej financovania. Poukázanie na niekoľko faktov, ktoré by mali v diskusii o zmene financovania samosprávy zaznieť pred tým, ako k takému rozhodnutiu dôjde. 
610 2 0 |a samospráva miestna 
610 2 0 |a financovanie 
610 2 0 |a reformy 
610 2 0 |a obce 
610 2 0 |a populácia 
610 2 0 |a efektívnosť 
610 2 0 |a príjmy 
610 2 0 |a dane 
610 2 0 |a Slovensko 
100 1 |a Černěnko, Tomáš, 1981-